000 00839cab a2200265 4500
001 ABS55175
008 090401t1996 xxu||||| |||| 00| 0 eng d
035 _a(Sirsi) u14656
041 _aeng
100 _aFletcher, R.
245 _aWhere there`s muck there`s fear
260 _c1996
350 _a0
490 _aProperty Week
_v55(5) 2 May 1996, 21(1)
520 _aReflects on Government draft guidance which makes local authorities responsible for identifying contaminated land and for assessing possible health threats and water pollution.
650 _aCLEAN-UP COSTS
650 _aCONTAMINATED LAND
650 _aENVIRONMENT AGENCY
650 _aLAND CONTAMINATION
650 _aLOCAL AUTHORITIES
650 _aWATER POLLUTION
690 _aENVIRONMENTAL AND LAND CONSULTANCY
942 _n0
948 _c04/03/1997
999 _c9563
_d9563